| 000 | 00958nam a22001937a 4500 | ||
|---|---|---|---|
| 005 | 20240409102817.0 | ||
| 010 | _aHIN-127279 | ||
| 020 |
_a9789392228025 _c500.00 |
||
| 035 | _aHN-99625 | ||
| 037 | _bDBAD/PUB | ||
| 082 | _a808.08 | ||
| 100 |
_aपाटील,चन्द्रकान्त _964431 |
||
| 245 |
_aस्मृतियों की रोशनी में/ _cचन्द्रकान्त पाटील;गोरख थोरात |
||
| 260 |
_a नोएडा (उत्तर प्रदेश) _b सेतु प्रकाशन प्रा.लि. _c2022 |
||
| 270 |
_aसी-21, सेक्टर-65 नोएडा (उत्तर प्रदेश) 201301 _bउत्तर प्रदेश _e201301 |
||
| 300 |
_a206पृ.; _c21 सेमी.(सजिल्द) |
||
| 700 |
_aथोरात,गोरख [अनुवादक] _964432 |
||
| 942 |
_2ddc _cHN _h808.08 _mपाटील |
||
| 999 |
_c201963 _d201963 |
||